000 00300 a2200121 4500
001 147030
040 _cEscola São Tomás de Aquino
100 _aBELINKY, Tatiana
240 1 0 _aA operação do Tio Onofre
_lpor
245 1 0 _aA operação do Tio Onofre
697 _a*LITERATURA INFANTO
942 _cBK
999 _c147030
_d147030